| 000 | 00933nam a22002417a 4500 | ||
|---|---|---|---|
| 005 | 20240530110409.0 | ||
| 008 | 150209s2003 ua g b 001 p ara d | ||
| 017 |
_a2003/4242 _bمصر . دار الكتب المصرية |
||
| 020 | _a9771802712 | ||
| 040 | _aEG-CaGPL | ||
| 041 | 0 | _aara | |
| 082 | 0 | 4 |
_221 _a811\ _bح أ |
| 100 | 0 | _aحسين صبرى محمد رزق | |
| 245 | 1 | 0 |
_aاشعار الف ليلة و ليلة / _cاعداد و تقديم حسين صبرى محمد رزق |
| 260 |
_aالقاهرة : _bدار الكتب و الوثائق القومية ، _c2003 |
||
| 300 |
_a488 ص ؛ _c24 سم |
||
| 504 | _aيشتمل على ارجاعات ببليوجرافية | ||
| 650 | 0 | 4 |
_aالشعر العربى _xدواوين و قصائد |
| 650 | 0 | 4 | _aالشعر القصصى |
| 650 | 0 | 4 |
_aالشعر القصصى _xالف ليلة و ليلة |
| 942 |
_2ddc _cBK |
||
| 999 |
_c60413 _d60413 |
||